Nintendo Life Top 100 Nintendo Games of All Time - Statistics

General Stats
  • This quiz has been taken 73 times
    12 since last reset
  • The average score is 69 of 100
Answer Stats
Rank Year System Answer % Correct
71 1994 GB Donkey Kong
100%
22 2025 Switch 2 Donkey Kong Bananza
100%
21 2017 Switch Mario Kart 8 Deluxe
100%
90 2005 DS Mario Kart DS
100%
38 2021 Switch Super Mario 3D World + Bowser's Fury
100%
10 1990 NES Super Mario Bros. 3
100%
11 2007 Wii Super Mario Galaxy
100%
64 2025* Switch Super Mario Galaxy + Super Mario Galaxy 2
100%
55 2025* Switch (Wii) Super Mario Galaxy (Switch eShop)
100%
13 2017 Switch Super Mario Odyssey
100%
3 1991 SNES Super Mario World
100%
2 2017 Switch/Wii U The Legend of Zelda: Breath of the Wild
100%
1 1998 N64 The Legend of Zelda: Ocarina of Time
100%
17 2011* 3DS The Legend of Zelda: Ocarina of Time 3D
100%
8 2003 GCN The Legend of Zelda: The Wind Waker
100%
18 2013* Wii U The Legend of Zelda: The Wind Waker HD
100%
73 1994 SNES Donkey Kong Country
88%
77 2001 GCN Luigi's Mansion
88%
56 2019 Switch Luigi's Mansion 3
88%
69 2004 GCN Metroid Prime 2: Echoes
88%
12 2023 (2002) Switch (GCN) Metroid Prime Remastered
88%
79 2011 DS Pokemon Black and White
88%
61 2015 Wii U Splatoon
88%
72 2017 Switch Splatoon 2
88%
32 1996 N64 Super Mario 64
88%
14 2010 Wii Super Mario Galaxy 2
88%
42 2025* Switch (Wii) Super Mario Galaxy 2 (Switch eShop)
88%
5 1994 SNES Super Metroid
88%
88 1999 N64 Super Smash Bros.
88%
65 2014 Wii U Super Smash Bros. for Wii U
88%
28 2001 GCN Super Smash Bros. Melee
88%
16 2018 Switch Super Smash Bros. Ultimate
88%
25 2013 3DS The Legend of Zelda: A Link Between Worlds
88%
4 1992 SNES The Legend of Zelda: A Link to the Past
88%
15 1993 GB The Legend of Zelda: Link's Awakening
88%
87 2019* Switch The Legend of Zelda: Link's Awakening
88%
27 2000 N64 The Legend of Zelda: Majora's Mask
88%
37 2015* 3DS The Legend of Zelda: Majora's Mask 3D
88%
19 2023 Switch The Legend of Zelda: Tears of the Kingdom
88%
29 2006 Wii/GCN The Legend of Zelda: Twilight Princess
88%
82 2002 GCN Animal Crossing
75%
53 2020 Switch Animal Crossing: New Horizons
75%
48 1995 SNES Donkey Kong Country 2: Diddy's Kong Quest
75%
74 2010 Wii Donkey Kong Country Returns
75%
58 2014 Wii U Donkey Kong Country: Tropical Freeze
75%
40 1995 SNES EarthBound
75%
92 2005 GCN Fire Emblem: Path of Radiance
75%
24 2019 Switch Fire Emblem: Three Houses
75%
62 2003 GCN Mario Kart: Double Dash!!
75%
75 2004 GCN Pikmin 2
75%
81 2013 Wii U Pikmin 3
75%
57 2012 DS Pokemon Black 2 and White 2
75%
43 1997 N64 Star Fox 64
75%
76 2008 Wii Super Smash Bros. Brawl
75%
54 2005 GBA The Legend of Zelda: The Minish Cap
75%
23 2012 Wii Xenoblade Chronicles
75%
60 2017 Switch Xenoblade Chronicles 2
75%
39 2013 3DS Animal Crossing: New Leaf
63%
34 2013 3DS Fire Emblem: Awakening
63%
86 2003 GCN F-Zero GX
63%
91 1998 N64 F-Zero X
63%
9 2021 Switch Metroid Dread
63%
49 2002 GBA Metroid Fusion
63%
30 2004 GBA Metroid: Zero Mission
63%
47 2001 N64 Paper Mario
63%
46 2023 Switch Pikmin 4
63%
6 2010 DS Pokemon HeartGold & SoulSilver
63%
36 2009 DS Pokemon Platinum
63%
26 2023 Switch Super Mario Bros. Wonder
63%
33 1995 SNES Super Mario World 2: Yoshi's Island
63%
52 1989 GB Tetris
63%
93 2024 Switch The Legend of Zelda: Echoes of Wisdom
63%
95 2001 GBC The Legend of Zelda: Oracle of Ages
63%
20 2022 Switch Xenoblade Chronicles 3
63%
44 1998 N64 Banjo-Kazooie
50%
7 2004 GCN Paper Mario: The Thousand-Year Door
50%
59 2024* Switch Paper Mario: The Thousand-Year Door
50%
51 2005 GBA Pokemon Emerald
50%
94 2004 GBA Pokemon FireRed and LeafGreen
50%
80 2009 Wii Wii Sports Resort
50%
35 1997 N64 GoldenEye 007
38%
41 2022 Switch Kirby and the Forgotten Land
38%
100 2025* Switch 2 Kirby and the Forgotten Land Switch 2 Edition
38%
50 2016 3DS Kirby: Planet Robobot
38%
63 2008 DS Kirby Super Star Ultra
38%
84 2009 DS Mario & Luigi: Bowser's Inside Story
38%
67 2003 GBA Mario & Luigi: Superstar Saga
38%
85 2001 GBC Pokemon Crystal
38%
66 2022 Switch Pokemon Legends: Arceus
38%
45 1996 SNES Super Mario RPG: Legend of the Seven Stars
38%
83 2015 Wii U Xenoblade Chronicles X
38%
31 2025* Switch Xenoblade Chronicles X: Definitive Edition
38%
68 2014 Wii U Bayonetta 2
25%
98 2011 Wii The Legend of Zelda: Skyward Sword
25%
70 2019 Switch Astral Chain
13%
78 2002 GCN Eternal Darkness: Sanity's Requiem
13%
99 2001 GBA Golden Sun
13%
89 2003 GBA Golden Sun: The Lost Age
0%
97 2009 DS Pokemon Mystery Dungeon: Explorers of Sky
0%
96 2010 DS Professor Layton and the Unwound Future
0%
No matching quizzes found
Score Distribution
Percent of People with Each Score
Percentile by Number Answered
Your Score History
You have not taken this quiz since the last reset